| 000 | 00471nam a2200169 a 4500 | ||
|---|---|---|---|
| 001 | 7272 | ||
| 003 | CO-ViMGA | ||
| 008 | 141112s2004 ck r 000 u spa d | ||
| 040 |
_aCO-ViMGA _bspa _cCO-ViMGA |
||
| 082 | 0 | 4 | _a720 W477 |
| 100 | 1 |
_aWhite, Edward T _96450 |
|
| 245 | 1 | 0 |
_aSistemas de ordenamiento : _bintroducción al proyecto arquitectónico |
| 260 |
_aMexico : _bTrillas, _c1979 |
||
| 300 | _a108 p : il | ||
| 650 | 1 | 4 | _aARQUITECTURA - PROYECTOS |
| 942 |
_2ddc _cBK |
||
| 999 |
_c19231 _d19231 |
||